000 00449nam a2200181Ia 4500
001 1507
005 20260306143733.0
008 260306t2013||||xx |||||||||||||| ||spa||
041 _aESP
082 _a150.7
_bA34
100 _aAlarcón, Reynaldo
_eAUT
245 0 _aMétodos y diseños de investigación del comportamiento
260 _c2013
300 _a417 páginas :
_c24 cm.
650 _aGEN
654 _aCPS
942 _cLIB
_dJUS
_fJUS
_2ddc
_n
999 _c1507
_d1507